000 00666nam a2200277Ia 4500
005 20260324120002.0
008 008 260324s9999 xx 000 0 eng d
020 _a9781315695945
037 _aEBOOK
040 _aCRL
040 _beng
040 _cCRL
041 _2eng
041 _aeng
084 _qCRL
100 _aNeil Caplan
_91156777
245 0 _aFutile Diplomacy - A History of Arab-Israeli Negotiations, 1913-56
260 _bTaylor and Francis
260 _c2015
365 _a
365 _b510
856 _uhttp://www.taylorfrancis.com/books/9781315695945
942 _cEBOOK
999 _c1748053
_d1748053